000 00260nam a22001217a 4500
008 181218b xxu||||| |||| 00| 0 eng d
041 _aeng
080 _a510
100 _a38
101 _aMAT
245 _aThe Joy Mathematics
_cTheoni.P
942 _2udc
_cBK
999 _c53378
_d53378